Les plus grandes villes du bassin de la Seine sur une carte - Statistiques

Statistiques générales
  • Ce quiz a été pris 6 111 fois
  • Le résultat moyen est 8 sur 17
Réponses sur la Carte
Les réponses sont colorées sur une échelle allant du rouge au vert en fonction du pourcentage des utilisateurs qui les ont devinées à leur premier essai. Vous pouvez retrouver ces pourcentages ci-dessous.
 
Statistiques - réponses
Population (2020) Unité Urbaine % Correct
10 856 407 Paris
99%
231 027 Le Havre
90%
474 444 Rouen
87%
215 160 Reims
67%
139 003 Troyes
55%
58 113 Évreux
52%
61 359 Beauvais
49%
41 486 Auxerre
46%
88 936 Chartres
44%
81 613 Meaux
36%
71 266 Compiègne
35%
56 806 Châlons-en-Champagne
33%
48 702 Dreux
32%
126 586 Creil
25%
43 580 Soissons
22%
56 866 Montargis
19%
52 791 Bailly-Romainvilliers
4%
Aucun quiz correspondant
Distribution des résultats
% des personnes avec chaque résultat
Percentile par nombre de réponses
Votre historique - résultats
Vous n’avez pas pris ce quiz